Language and life (Record no. 57870)
[ view plain ]
| 000 -LEADER | |
|---|---|
| fixed length control field | 00402nam a22001457a 4500 |
| 003 - CONTROL NUMBER IDENTIFIER | |
| control field | OSt |
| 005 - DATE AND TIME OF LATEST TRANSACTION | |
| control field | 20130910121039.0 |
| 008 - FIXED-LENGTH DATA ELEMENTS--GENERAL INFORMATION | |
| fixed length control field | 130910b xxu||||| |||| 00| 0 eng d |
| 040 ## - CATALOGING SOURCE | |
| Original cataloging agency | DLC |
| Language of cataloging | DLC |
| Transcribing agency | DLC |
| Modifying agency | DLC |
| 100 ## - MAIN ENTRY--PERSONAL NAME | |
| Personal name | Pike, Kenneth |
| 9 (RLIN) | 22306 |
| 245 ## - TITLE STATEMENT | |
| Title | Language and life |
| Statement of responsibility, etc | by Kenneth L. Pike |
| 260 ## - PUBLICATION, DISTRIBUTION, ETC. (IMPRINT) | |
| Place of publication, distribution, etc | Glendale, California |
| Name of publisher, distributor, etc | Summer Institute of Linguistics |
| Date of publication, distribution, etc | 1958 |
| 300 ## - PHYSICAL DESCRIPTION | |
| Extent | 43p. |
| 942 ## - ADDED ENTRY ELEMENTS (KOHA) | |
| Source of classification or shelving scheme | Library of Congress Classification |
| Koha item type | Books |
| Withdrawn status | Lost status | Source of classification or shelving scheme | Damaged status | Not for loan | Collection code | Home library | Current library | Shelving location | Date acquired | Source of acquisition | Cost, normal purchase price | Total Checkouts | Full call number | Barcode | Date last seen | Price effective from | Koha item type |
|---|---|---|---|---|---|---|---|---|---|---|---|---|---|---|---|---|---|
| Library of Congress Classification | General Circulation | AIU/NEGST - Tony Wilmot Memorial Library | AIU/NEGST - Tony Wilmot Memorial Library | General Stacks | 09/10/2013 | Donation | 5.00 | BR 1360.T55 1958 | R27798J3232 | 09/26/2019 | 09/10/2013 | Books |
